The Diamond hunters : Intermediate level

Αποθηκεύτηκε σε:
Λεπτομέρειες βιβλιογραφικής εγγραφής
Κύριος συγγραφέας: Smith, Wilbur A.
Μορφή: Βιβλίο
Γλώσσα:English
Δημοσίευση: Oxford : Heinemann, 1992
Θέματα:
Ετικέτες: Προσθήκη ετικέτας
Δεν υπάρχουν, Καταχωρήστε ετικέτα πρώτοι!

MARC

LEADER 00000nam a2200000 i 4500
001 1/23364
008 950316s1992 eng d
020 |a 0-435-27231-4 
035 |l 10022072 
040 |a GR-MY-UA  |b gre  |e aacr 
041 0 |a eng 
082 0 |a 428.64 
100 1 |a Smith, Wilbur A. 
245 1 4 |a The Diamond hunters :  |b Intermediate level /  |c Wilbur Smith 
260 |a Oxford :   |b Heinemann,   |c 1992 
650 0 0 |a English language  |x Readers. 
852 |a INST  |b CHIOS  |e 19950316  |h 428.64 SMI  |p 005200003872  |q 005200003872  |t BK  |y 0 
909 |a Χ  |b 037421